[Event "Verbandsliga Nordbaden 2223"]
[Site "Germany"]
[Date "2023.03.05"]
[Round "7.8"]
[White "Onur, Cem"]
[Black "Brunkardt, Elena"]
[Result "1-0"]
[WhiteElo "1680"]
[BlackElo "1686"]
[PlyCount "77"]
[EventDate "2022.09.25"]
[EventType "team-tourn"]
[EventRounds "9"]
[EventCountry "GER"]
[SourceTitle "EXT 2024"]
[Source "ChessBase"]
[SourceDate "2023.10.10"]
[SourceVersion "1"]
[SourceVersionDate "2023.10.10"]
[SourceQuality "1"]
[WhiteTeam "Lindenhof"]
[BlackTeam "Bad Mergentheim II"]
[WhiteTeamCountry "GER"]
[BlackTeamCountry "GER"]

1. e4 c5 2. Nc3 e6 3. Bc4 a6 4. a4 Qc7 5. d3 d6 6. f4 Nf6 7. Nf3 Nbd7 8. 0-0 b6 9. f5 exf5 10. exf5 Ne5 11. Bg5 Nxc4 12. dxc4 Bb7 13. Bxf6 gxf6 14. Re1+ Be7 15. Qe2 Ra7 16. Rad1 Ba8 17. Rd3 Kd8 18. Re3 h5 19. Nd2 Qd7 20. Nd5 Bxd5 21. cxd5 h4 22. h3 b5 23. axb5 axb5 24. Qd3 Re8 25. Ne4 c4 26. Qd4 Rg8 27. Nxf6 Bxf6 28. Qxf6+ Kc8 29. Re7 Qd8 30. Qxf7 Rxe7 31. Rxe7 Rf8 32. Qe6+ Kb8 33. Rd7 Qb6+ 34. Kh1 Rd8 35. Rxd8+ Qxd8 36. f6 Kc7 37. f7 c3 38. bxc3 b4 39. Qe8 1-0

[Event "Verbandsliga Nordbaden 1920"]
[Site "Baden"]
[Date "2020.03.08"]
[Round "7.8"]
[White "Vinke, Andreas"]
[Black "Brunkardt, Elena"]
[Result "1-0"]
[WhiteElo "2202"]
[BlackElo "1686"]
[PlyCount "91"]
[EventDate "2019.09.29"]
[EventType "team-tourn"]
[EventRounds "9"]
[EventCountry "GER"]
[SourceTitle "EXT 2021"]
[Source "ChessBase"]
[SourceDate "2020.10.23"]
[SourceVersion "1"]
[SourceVersionDate "2020.10.23"]
[SourceQuality "1"]
[WhiteTeam "Karlsruhe"]
[BlackTeam "Bad Mergentheim II"]
[WhiteTeamCountry "GER"]
[BlackTeamCountry "GER"]

1. c4 e5 2. g3 Nf6 3. Nc3 Be7 4. Bg2 0-0 5. Nf3 Nc6 6. d4 exd4 7. Nxd4 Ne5 8. b3 c6 9. 0-0 d6 10. Bb2 Re8 11. Qc2 Qc7 12. Rac1 Bf8 13. Rfd1 c5 14. Ndb5 Qb6 15. Na4 Qd8 16. Nxc5 a6 17. Nc3 Qc7 18. N5e4 Nxe4 19. Nxe4 f5 20. Nc3 Qc5 21. Nd5 Rb8 22. Bd4 Qa3 23. Ba7 Ra8 24. Nc7 Rxa7 25. Nxe8 b6 26. c5 dxc5 27. Nd6 Bxd6 28. Rxd6 Rd7 29. Rxd7 Bxd7 30. Rd1 c4 31. Bd5+ Kf8 32. Bxc4 Qc5 33. Qd2 b5 34. Qd5 Qxd5 35. Rxd5 bxc4 36. Rxe5 cxb3 37. axb3 Kf7 38. f4 Be6 39. b4 Kf6 40. Kf2 g5 41. Ke3 h5 42. Kd4 h4 43. fxg5+ Ke7 44. gxh4 Kd6 45. Rxe6+ Kxe6 46. h5 1-0

[Event "Verbandsliga Nordbaden 1819"]
[Site "Baden"]
[Date "2019.05.05"]
[Round "9.7"]
[White "Brunkardt, Elena"]
[Black "Schork, Stefan"]
[Result "1/2-1/2"]
[WhiteElo "1686"]
[BlackElo "2066"]
[PlyCount "65"]
[EventDate "2018.10.14"]
[EventType "team-tourn"]
[EventRounds "9"]
[EventCountry "GER"]
[SourceTitle "EXT 2020"]
[Source "ChessBase"]
[SourceDate "2019.10.17"]
[SourceVersion "1"]
[SourceVersionDate "2019.10.17"]
[SourceQuality "1"]
[WhiteTeam "Bad Mergentheim II"]
[BlackTeam "Pforzheim"]
[WhiteTeamCountry "GER"]
[BlackTeamCountry "GER"]

1. d4 Nf6 2. c4 e6 3. Nf3 c5 4. Bg5 cxd4 5. Bxf6 Qxf6 6. Qxd4 Qg6 7. e3 Nc6 8. Qd3 f5 9. a3 Be7 10. Nc3 0-0 11. h4 d6 12. Nb5 Kh8 13. h5 Qf6 14. Qc3 Ne5 15. Nxe5 dxe5 16. 0-0-0 Rd8 17. Rxd8+ Bxd8 18. Be2 Bd7 19. Nd6 Bc6 20. Bf3 e4 21. Qxf6 Bxf6 22. Be2 a6 23. c5 b6 24. cxb6 Rb8 25. b7 Bxb7 26. b4 a5 27. b5 Bd5 28. a4 Kg8 29. Kb1 Bb3 30. Bd1 Bd5 31. Be2 Bb3 32. Bd1 Bd5 33. Be2 1/2-1/2

[Event "GER-ch U12"]
[Site "Willingen"]
[Date "2015.05.28"]
[Round "8"]
[White "Stelljes, Fabian"]
[Black "Brunkardt, Elena"]
[Result "1-0"]
[WhiteElo "1342"]
[BlackElo "1474"]
[PlyCount "171"]
[EventDate "2015.05.24"]
[EventType "swiss"]
[EventRounds "11"]
[EventCountry "GER"]
[SourceTitle "CBM 166 Extra"]
[Source "ChessBase"]
[SourceDate "2015.06.18"]
[SourceVersion "1"]
[SourceVersionDate "2015.06.18"]
[SourceQuality "1"]

1. e4 d5 2. exd5 Qxd5 3. Nc3 Qd6 4. Nf3 Nf6 5. Bc4 c6 6. d4 Bg4 7. Be3 e6 8. Qe2 Qc7 9. h3 Bxf3 10. Qxf3 Bd6 11. 0-0-0 Nbd7 12. Kb1 0-0-0 13. Rhe1 Nb6 14. Bb3 Nfd5 15. Nxd5 Nxd5 16. Bxd5 cxd5 17. Rd3 Kb8 18. Red1 Ka8 19. Rc3 Qd7 20. Rdd3 Rc8 21. a3 Rc6 22. Rxc6 bxc6 23. Bf4 Bxf4 24. Qxf4 Rb8 25. Rf3 Rb7 26. Kc1 Qe7 27. Qe3 f6 28. Qe2 Qd6 29. Qa6 Qc7 30. Qa4 e5 31. dxe5 Qxe5 32. b3 Qe1+ 33. Kb2 Qe5+ 34. Ka2 Rb6 35. Qg4 Qc7 36. Re3 Kb7 37. Qe6 d4 38. Re4 c5 39. Qe7 Rc6 40. Qxc7+ Rxc7 41. Kb2 Kb6 42. c3 d3 43. Kc1 Rd7 44. Kd2 a5 45. a4 Kc6 46. Rg4 g5 47. f3 Rb7 48. Kxd3 Rxb3 49. Re4 Kd5 50. Kc2 c4 51. Re7 h5 52. Ra7 Ke6 53. Rxa5 Ra3 54. Kb2 Rb3+ 55. Kc2 Ra3 56. Ra6+ Ke5 57. a5 Ra2+ 58. Kd1 Ra3 59. Rc6 Rxa5 60. Rxc4 Ra1+ 61. Ke2 Ra2+ 62. Kf1 Ra1+ 63. Kf2 Ra2+ 64. Kg1 Ra1+ 65. Kh2 Kd5 66. Rc8 Rc1 67. Kg3 Rc2 68. c4+ Kd4 69. c5 Rxc5 70. Rxc5 Kxc5 71. f4 Kd5 72. fxg5 fxg5 73. h4 Ke5 74. hxg5 Kf5 75. Kh4 Kg6 76. g4 hxg4 77. Kxg4 Kg7 78. Kg3 Kg6 79. Kf4 Kg7 80. Kf5 Kf8 81. Kf6 Kg8 82. Kg6 Kh8 83. Kf7 Kh7 84. g6+ Kh8 85. g7+ Kh7 86. g8Q+ 1-0

[Event "GER-ch U12"]
[Site "Willingen"]
[Date "2015.05.27"]
[Round "7"]
[White "Brunkardt, Elena"]
[Black "Glinzner, Alva"]
[Result "1/2-1/2"]
[WhiteElo "1474"]
[BlackElo "1257"]
[PlyCount "72"]
[EventDate "2015.05.24"]
[EventType "swiss"]
[EventRounds "11"]
[EventCountry "GER"]
[SourceTitle "CBM 166 Extra"]
[Source "ChessBase"]
[SourceDate "2015.06.18"]
[SourceVersion "1"]
[SourceVersionDate "2015.06.18"]
[SourceQuality "1"]

1. d4 c6 2. e4 d5 3. exd5 cxd5 4. Bd3 Nc6 5. c3 Nf6 6. h3 e5 7. Nf3 e4 8. Qe2 Be7 9. Bb5 exf3 10. Qxf3 Bd7 11. 0-0 0-0 12. Bg5 a6 13. Ba4 b5 14. Bb3 Be6 15. Bxf6 Bxf6 16. Nd2 Re8 17. Rfe1 Qd7 18. Bc2 Rac8 19. Nb3 Nxd4 20. Nxd4 Bxd4 21. Qd3 Bxf2+ 22. Kxf2 g6 23. Kg1 Qa7+ 24. Kh1 Qf2 25. Rf1 Qh4 26. Bb3 Rcd8 27. Qd4 Qh5 28. Rf3 Rf8 29. Re1 Rde8 30. Re5 Qh6 31. Bxd5 Bxd5 32. Rxd5 Re1+ 33. Kh2 Qc1 34. Qf2 Re7 35. Qh4 Re1 36. Rd8 Rxd8 1/2-1/2

[Event "GER-chT U18 Girls"]
[Site "Karlsruhe"]
[Date "2015.05.10"]
[Round "7.2"]
[White "Ignatova, Nadja"]
[Black "Brunkardt, Elena"]
[Result "0-1"]
[WhiteElo "1180"]
[BlackElo "1474"]
[PlyCount "99"]
[EventDate "2015.05.07"]
[EventType "team-swiss"]
[EventRounds "7"]
[EventCountry "GER"]
[SourceTitle "EXT 2017"]
[Source "ChessBase"]
[SourceDate "2016.10.25"]
[SourceVersion "1"]
[SourceVersionDate "2016.10.25"]
[SourceQuality "1"]
[WhiteTeam "Kant Gymn (W)"]
[BlackTeam "Bad Mergentheim (W)"]
[WhiteTeamCountry "GER"]
[BlackTeamCountry "GER"]

1. e4 c5 2. Nc3 e6 3. Bc4 a6 4. a4 b6 5. Nf3 Qc7 6. d4 cxd4 7. Qxd4 Nc6 8. Qd3 Nb4 9. Qe2 Nxc2+ 10. Qxc2 Qxc4 11. b3 Qc7 12. 0-0 Bb4 13. Bd2 Bb7 14. Rfe1 Nf6 15. Rac1 0-0 16. e5 Ng4 17. h3 Bxf3 18. gxf3 Nxe5 19. Qe4 Nc6 20. Qg4 f5 21. Qc4 Bc5 22. f4 Na5 23. Qd3 Nxb3 24. Rcd1 Nxd2 25. Qxd2 Bb4 26. Rc1 Qb7 27. Rb1 a5 28. Qd3 Rf6 29. Kh2 Rc8 30. Rb3 Rg6 31. f3 d5 32. Rf1 Qc7 33. Nb5 Qxf4+ 34. Kh1 Qg3 35. Rb2 Qxh3+ 36. Rh2 Qg3 37. Qe2 Bc5 38. Rg2 Qxg2+ 39. Qxg2 Rxg2 40. Kxg2 Rd8 41. Re1 Kf7 42. Rh1 h6 43. Kg3 d4 44. Rd1 d3 45. Nc3 Bb4 46. Nb1 e5 47. Kf2 e4 48. fxe4 fxe4 49. Ke3 Re8 50. Nd2 0-1

[Event "GER-chT U18 Girls"]
[Site "Karlsruhe"]
[Date "2015.05.09"]
[Round "6.2"]
[White "Brunkardt, Elena"]
[Black "Wesselly, Luisa"]
[Result "1/2-1/2"]
[WhiteElo "1474"]
[BlackElo "1032"]
[PlyCount "63"]
[EventDate "2015.05.07"]
[EventType "team-swiss"]
[EventRounds "7"]
[EventCountry "GER"]
[SourceTitle "EXT 2017"]
[Source "ChessBase"]
[SourceDate "2016.10.25"]
[SourceVersion "1"]
[SourceVersionDate "2016.10.25"]
[SourceQuality "1"]
[WhiteTeam "Bad Mergentheim (W)"]
[BlackTeam "Koethen Ludwigs (W)"]
[WhiteTeamCountry "GER"]
[BlackTeamCountry "GER"]

1. e4 e5 2. Nf3 Nc6 3. Bc4 Bc5 4. Nc3 d6 5. h3 Nf6 6. d3 0-0 7. Bg5 Be6 8. Bb3 Bb4 9. 0-0 Bxc3 10. bxc3 Qe7 11. d4 Na5 12. dxe5 dxe5 13. Nxe5 Bxb3 14. Bxf6 Qxf6 15. axb3 Qxe5 16. Qd5 Qxd5 17. exd5 b6 18. Rfe1 Rfd8 19. c4 Nb7 20. Re7 Rdc8 21. g4 g5 22. Kg2 Kg7 23. Rae1 Nd6 24. Rd7 Re8 25. Re3 Rac8 26. Kf3 b5 27. c5 Rxe3+ 28. fxe3 Ne8 29. e4 Kg6 30. b4 Nf6 31. Re7 a6 32. c6 1/2-1/2

[Event "GER-ch U10"]
[Site "Oberhof"]
[Date "2013.05.25"]
[Round "11"]
[White "Brunkardt, Elena"]
[Black "Eulitz, Charlotte"]
[Result "1/2-1/2"]
[WhiteElo "1010"]
[BlackElo "1009"]
[PlyCount "96"]
[EventDate "2013.05.19"]
[EventType "swiss"]
[EventRounds "11"]
[EventCountry "GER"]
[SourceTitle "CBM 154 Extra"]
[Source "ChessBase"]
[SourceDate "2013.06.25"]
[SourceVersion "2"]
[SourceVersionDate "2013.06.25"]
[SourceQuality "1"]

1. e4 e5 2. Nf3 Nc6 3. Bb5 a6 4. Ba4 Nf6 5. c3 b5 6. Bb3 Bc5 7. 0-0 d6 8. d4 exd4 9. cxd4 Bb6 10. Bg5 0-0 11. e5 dxe5 12. dxe5 Qxd1 13. Rxd1 Ng4 14. Bd5 Bb7 15. e6 fxe6 16. Bxe6+ Kh8 17. Bxg4 Nb4 18. Nc3 h6 19. Be7 Rfe8 20. Bxb4 a5 21. Bh5 Re6 22. Nxb5 axb4 23. Rd3 Bxf3 24. Rxf3 Re5 25. Nxc7 Bxc7 26. g4 Rd8 27. Bg6 Re2 28. Kg2 Rxb2 29. Rd1 Rb8 30. Rd7 Ba5 31. Rff7 Rg8 32. Ra7 Rxa2 33. Rfb7 Rf8 34. Kg3 Raxf2 35. Rf7 R2xf7 36. Bxf7 Bb6 37. Rb7 Bc5 38. Kf3 Bd6 39. h3 b3 40. Ke2 b2 41. Ba2 Ba3 42. Kd2 Rf3 43. Bb1 Kg8 44. h4 Rf1 45. Kc2 Kh7 46. Ra7 Bc5 47. Kxb2+ Kg8 48. Ra5 Be7 1/2-1/2

[Event "GER-ch U10"]
[Site "Oberhof"]
[Date "2013.05.24"]
[Round "10"]
[White "Rizo Wellmann, Darja"]
[Black "Brunkardt, Elena"]
[Result "0-1"]
[WhiteElo "956"]
[BlackElo "1010"]
[PlyCount "112"]
[EventDate "2013.05.19"]
[EventType "swiss"]
[EventRounds "11"]
[EventCountry "GER"]
[SourceTitle "CBM 154 Extra"]
[Source "ChessBase"]
[SourceDate "2013.06.25"]
[SourceVersion "2"]
[SourceVersionDate "2013.06.25"]
[SourceQuality "1"]

1. e4 d5 2. exd5 Qxd5 3. Nc3 Qd6 4. Nf3 Nf6 5. Bc4 c6 6. d4 Bg4 7. 0-0 e6 8. Re1 Be7 9. Bg5 0-0 10. h3 Bh5 11. Bxf6 Bxf6 12. Ne4 Qe7 13. Nc3 Qb4 14. Be2 Qxb2 15. Ne4 Nd7 16. Qd2 Bxf3 17. Bxf3 Qxd4 18. Qxd4 Bxd4 19. Rad1 e5 20. Be2 Rad8 21. Bg4 f5 22. Ng5 Bxf2+ 23. Kxf2 fxg4+ 24. Kg1 Rfe8 25. Rd6 Re7 26. Ne6 Rde8 27. Red1 Nf8 28. Nxf8 Kxf8 29. Rd7 gxh3 30. gxh3 e4 31. Rxe7 Rxe7 32. Rd8+ Kf7 33. Rd1 Kf6 34. Rf1+ Ke5 35. Re1 Kf4 36. Kf2 g5 37. Rf1 g4 38. hxg4 Kxg4 39. Rg1+ Kf4 40. Re1 h5 41. Kg2 e3 42. Rf1+ Ke4 43. Re1 Kd4 44. Rd1+ Kc3 45. Re1 Kxc2 46. Re2+ Kd3 47. Kf3 h4 48. Re1 Rf7+ 49. Kg2 Kd2 50. Rf1 Rxf1 51. Kxf1 e2+ 52. Kg2 e1Q 53. a4 Ke2 54. a5 Qg3+ 55. Kh1 Kf2 56. a6 Qg2# 0-1

[Event "GER-ch U10"]
[Site "Oberhof"]
[Date "2013.05.23"]
[Round "8"]
[White "Brunkardt, Elena"]
[Black "Ewerhardy, Moritz"]
[Result "1/2-1/2"]
[WhiteElo "1010"]
[BlackElo "1019"]
[PlyCount "72"]
[EventDate "2013.05.19"]
[EventType "swiss"]
[EventRounds "11"]
[EventCountry "GER"]
[SourceTitle "CBM 154 Extra"]
[Source "ChessBase"]
[SourceDate "2013.06.25"]
[SourceVersion "2"]
[SourceVersionDate "2013.06.25"]
[SourceQuality "1"]

1. e4 e5 2. Nf3 Nc6 3. d4 exd4 4. Nxd4 Bc5 5. Be3 Bb6 6. Bc4 Nf6 7. f3 0-0 8. 0-0 d5 9. Bb5 Ne5 10. Nc3 c5 11. Nxd5 Nxd5 12. exd5 cxd4 13. Bxd4 Qxd5 14. Bxb6 Qxd1 15. Raxd1 axb6 16. a3 Bf5 17. Rd5 f6 18. f4 Bxc2 19. fxe5 fxe5 20. Rxf8+ Rxf8 21. Bc4 Kh8 22. Rxe5 Ba4 23. Re7 Bc6 24. Bd3 Kg8 25. Re3 h6 26. Bc4+ Kh7 27. Rb3 Rd8 28. Rxb6 Rd1+ 29. Bf1 Be4 30. Rb3 Rd2 31. Rb4 Bc6 32. h3 Kg6 33. Kh2 Kg5 34. Rg4+ Kf6 35. Rf4+ Kg5 36. Rb4 Kh5 1/2-1/2

[Event "GER-ch U10"]
[Site "Oberhof"]
[Date "2013.05.20"]
[Round "3"]
[White "Bartelt, Max Peter"]
[Black "Brunkardt, Elena"]
[Result "0-1"]
[WhiteElo "1356"]
[BlackElo "1010"]
[PlyCount "146"]
[EventDate "2013.05.19"]
[EventType "swiss"]
[EventRounds "11"]
[EventCountry "GER"]
[SourceTitle "CBM 154 Extra"]
[Source "ChessBase"]
[SourceDate "2013.06.25"]
[SourceVersion "2"]
[SourceVersionDate "2013.06.25"]
[SourceQuality "1"]

1. d4 d5 2. Bf4 e6 3. Nf3 Bd6 4. Bg3 Bxg3 5. hxg3 Nf6 6. e3 Nbd7 7. c4 c6 8. Nc3 0-0 9. Qc2 Re8 10. Bd3 g6 11. 0-0-0 Nf8 12. e4 dxc4 13. Bxc4 b5 14. Bd3 b4 15. Ne2 Qb6 16. Kb1 Ng4 17. Nf4 e5 18. Nxe5 Rxe5 19. dxe5 Nxf2 20. Rhf1 Nxd1 21. Qxd1 Be6 22. Qf3 Rb8 23. Nxe6 fxe6 24. Qf7+ Kh8 25. Qe7 Qd8 26. Qd6 Qxd6 27. exd6 Nd7 28. Bc4 e5 29. Kc2 Rd8 30. Bd3 Nc5 31. Rf6 Kg7 32. Rf3 Rxd6 33. b3 a5 34. g4 Kh6 35. Re3 Kg5 36. Be2 Kf4 37. Rf3+ Kxe4 38. Rh3 Rd7 39. Bf3+ Kf4 40. Bxc6 Rc7 41. Bf3 Ne4+ 42. Kb2 Ng5 43. Rh1 Nxf3 44. gxf3 Kxf3 45. Re1 e4 46. Rf1+ Kxg4 47. Rg1+ Kf3 48. Rf1+ Ke2 49. Rf8 Rd7 50. Re8 e3 51. Kc1 Rd1+ 52. Kc2 Rd2+ 53. Kb1 Kf2 54. Rf8+ Ke1 55. Re8 e2 56. Kc1 Rxa2 57. Rf8 a4 58. bxa4 Rxa4 59. Kc2 Ra5 60. Kc1 Rb5 61. Kc2 b3+ 62. Kc1 b2+ 63. Kb1 h5 64. Rh8 Kf2 65. Rf8+ Rf5 66. Rxf5+ gxf5 67. Kxb2 e1Q 68. Kc2 Qe3 69. Kb2 Ke2 70. Kc2 Qd3+ 71. Kb2 Kd2 72. Ka1 Kc2 73. Ka2 Qa6# 0-1